| 000 | 01852nam1a2200385 i 4500 | ||
|---|---|---|---|
| 001 | RU\NLR\bibl\1484567 | ||
| 005 | 20260407133812.0 | ||
| 011 | _a0204-0719 | ||
| 035 | _a(NLR Aleph) 001476186 | ||
| 090 |
_a1674631 _c1674631 |
||
| 100 | _a20100315g20059999u y0rusy50 ca | ||
| 101 | 0 | _arus | |
| 102 | _aRU | ||
| 105 | _a||||z ||||| | ||
| 200 | 1 |
_aЛетопись печати Республики Бурятия _dБуряад Республикын хэблэлэй тyyхэ _eгосударственный библиографический указатель _fМ-во культуры Респ. Бурятия, Нац. б-ка Респ. Бурятия, Отдел гос. библиогр. _zbua _g[сост. и ред.: Ц.Н. Жамбалова] |
|
| 210 |
_aУлан-Удэ _cНациональная библиотека Республики Бурятия _d2005 |
||
| 215 | _d20 | ||
| 463 | 0 | _1001909887 | |
| 463 | 0 | _10011882248 | |
| 463 | 0 | _10011883045 | |
| 463 | 0 | _10012012923 | |
| 463 | 0 | _10012023573 | |
| 510 | 0 |
_aБуряад Республикын хэблэлэй тyyхэ _zbua |
|
| 606 | 1 |
_aБиблиография _yБурятия, Республика _92588091 _3RU\NLR\auth\661529607 |
|
| 606 | 1 |
_aКниги _yБурятия, Республика _92588093 _3RU\NLR\auth\661529608 |
|
| 686 | 1 | _aЯ12(2Р-6Бу)2 | |
| 702 | 1 |
_aЖамбалова _bЦ. Н. _4220 |
|
| 712 | 0 | 2 |
_4070 _aНациональная библиотека Республики Бурятия _cУлан-Удэ _bОтдел государственной библиографии _3RU\NLR\AUTH\8810080241 _9662616 |
| 801 | 0 |
_aRU _bNLR _c20100315 _gRCR |
|
| 801 | 1 |
_aRU _bNLR _c20100315 |
|
| 852 |
_aNLR _jОНЛ Бур./2-1083 |
||
| 942 | _cBOOK | ||